Statistics for Kosovo Quiz

Click here to take the quiz!

General Stats

  • This quiz has been taken 216 times
  • The average score is 8 of 15

Answer Stats

HintAnswer% Correct
The CapitalPristina
93%
Year Declared Indpendence2008
86%
# of Stars on Kosovo's Flag6
84%
What continent is Kosovo from?Europe
83%
Declared Independence From...?Serbia
79%
2nd Largest Populated CityPrizren
69%
Landlocked in what PeninsulaBalkan Peninsula
62%
# of Districts of Kosovo7
59%
Median Age of Kosovo29.1
36%
President with a Statue in KosovoBill Clinton
36%
70% of the Country is under age...?35
35%
40% of Country is Covered By...?Forest
34%
Highest PointMount Gjeravica
12%
Largest City (Area Miles)Podujevo
5%
_____ Caves are abundant in KosovoLimestone
1%

Score Distribution

Percentile by Number Answered

Percent of People with Each Score

Your Score History

You have not taken this quiz